Đất Gia Định - Bến Nghé xưa & Người Sài Gòn Biên khảo
Wedi'i Gadw mewn:
| Prif Awdur: | |
|---|---|
| Fformat: | Llyfr |
| Iaith: | Undetermined |
| Cyhoeddwyd: |
Tp. Hồ Chí Minh
Trẻ
2005
|
| Tagiau: |
Ychwanegu Tag
Dim Tagiau, Byddwch y cyntaf i dagio'r cofnod hwn!
|
| Thư viện lưu trữ: | Trung tâm Học liệu Trường Đại học Cần Thơ |
|---|
| LEADER | 00502nam a2200181Ia 4500 | ||
|---|---|---|---|
| 001 | CTU_92925 | ||
| 008 | 210402s9999 xx 000 0 und d | ||
| 082 | |a 915.97 | ||
| 082 | |b S464 | ||
| 100 | |a Sơn Nam | ||
| 245 | 0 | |a Đất Gia Định - Bến Nghé xưa & Người Sài Gòn | |
| 245 | 0 | |b Biên khảo | |
| 245 | 0 | |c Sơn Nam | |
| 260 | |a Tp. Hồ Chí Minh | ||
| 260 | |b Trẻ | ||
| 260 | |c 2005 | ||
| 904 | |i Mai Loan | ||
| 980 | |a Trung tâm Học liệu Trường Đại học Cần Thơ | ||